Operational roles, aircrew systems and human factors in future high performance aircraft : papers presented at the Aerospace Medical Panel's Specialists' Meeting held in Lisbon, Portugal, 22-26 October 1979 /

Bibliographic Details
Corporate Author: North Atlantic Treaty Organization. Advisory Group for Aerospace Research and Development. Aerospace Medical Panel
Other Authors: Iampietro, P. F.
Format: Microform Book
Language:English
French
Published: Neuilly sur Seine, France : North Atlantic Treaty Organization, Advisory Group for Aerospace Research and Development, 1980.
Series:AGARD conference proceedings ; no. 266.
Subjects:

MARC

Tag First Indicator Second Indicator Subfields
LEADER 00000cam a2200000 a 4500
001 in00000084256
005 20151008055729.0
007 he bm----b---
008 810512s1980 fr b 00000 eng d
035 |a (OCoLC)07409997 
035 |9 AAJ4229AM 
040 |a DXU  |c DXU  |d TXA  |d UtOrBLW 
041 0 |a eng  |a fre 
049 |a TXAI 
099 |a fiche  |a S  |a 145  |a no. 266 
245 0 0 |a Operational roles, aircrew systems and human factors in future high performance aircraft :  |b papers presented at the Aerospace Medical Panel's Specialists' Meeting held in Lisbon, Portugal, 22-26 October 1979 /  |c edited by P.F. Iampietro. 
264 1 |a Neuilly sur Seine, France :  |b North Atlantic Treaty Organization, Advisory Group for Aerospace Research and Development,  |c 1980. 
300 |a 95 pages in various pagings :  |b illustrations ;  |c 30 cm. 
336 |a text  |b txt  |2 rdacontent 
337 |a microform  |b h  |2 rdamedia 
338 |a microfiche  |b he  |2 rdacarrier 
490 1 |a AGARD conference proceedings ;  |v no. 266 
500 |a English and French. 
504 |a Includes bibliographical references. 
533 |a Microfiche.  |b Neuilly sur Seine, France :  |c AGARD, NATO,  |d 1980.  |e 2 microfiches : negative, ill. ; 11 x 15 cm. 
500 |a Microform. 
650 0 |a Airplanes  |x Piloting  |x Congresses. 
650 0 |a Fighter planes  |x Congresses. 
650 0 |a Human engineering  |v Congresses. 
700 1 |a Iampietro, P. F. 
710 2 |a North Atlantic Treaty Organization.  |b Advisory Group for Aerospace Research and Development.  |b Aerospace Medical Panel. 
830 0 |a AGARD conference proceedings ;  |v no. 266. 
999 |a MARS 
999 f f |s e60ce834-9463-3d0d-8590-f3c344548cbe  |i 9a95ed84-239d-3774-99de-d31cbcbfbbf3  |t 0 
952 f f |p normal  |a Texas A&M University  |b College Station  |c Sterling C. Evans Library  |d Evans: Microforms (3rd floor)  |t 0  |e fiche S 145 no. 266  |h Other scheme  |i microform -- microfiche  |m A14832930636 
998 f f |a fiche S 145 no. 266  |t 0  |l Evans: Microforms (3rd floor)